Victims of US Régime Change Since World War II - Statistics

General Stats
  • This quiz has been taken 93 times
    85 since last reset
  • The average score is 27 of 44
Answer Stats
Years Nation % Correct
1953 Iran
95%
1959-2016 (unsuccessful) Cuba
92%
1963, 2003 Iraq
92%
1956-7 (unsuccessful), 2012 (unsuccessful) Syria
90%
1945-73 (unsuccessful) North Vietnam
87%
1980s, 2001 Afghanistan
82%
1954 Guatemala
82%
2002 Venezuela
82%
1949-early 1960s (unsuccessful) China
79%
1962-64 Brazil
77%
1981-09 Nicaragua
77%
1989 Panama
77%
1964-73 Chile
74%
2009 Honduras
74%
1958, 1959, 1960 Laos
74%
1955-70 Cambodia
72%
1983 Grenada
72%
2004 Haiti
72%
1963 Dominican Republic
69%
1967 Greece
69%
1980s (unsuccessful), 2011 Libya
69%
1964, 1971 Bolivia
67%
1960, 1975 (unsuccessful) Congo/Zaire
62%
1993 (unsuccessful), 2007-present (unsuccessful) Somalia
62%
Mid 1950s (unsuccessful), 1970-71 (unsuccessful) Costa Rica
56%
1982-84 (unsuccessful) South Yemen
56%
1999-2000 Yugoslavia
56%
1957 (unsuccessful), 1965 Indonesia
54%
2014 Ukraine
54%
1975 (unsuccessful), 1980s (unsuccessful) Angola
46%
1953-64 British Guiana
46%
1960-63, 2000 Ecuador
46%
1949-53 (unsuccessful), 1991 Albania
44%
1950s (unsuccessful) East Germany
44%
1976-80 Jamaica
44%
1982-84 (unsuccessful) Suriname
41%
1965 (unsuccessful) France
36%
1973-75 Australia
33%
1991 Bulgaria
31%
1974-76 Portugal
31%
1981-82 Chad
28%
1966 Ghana
28%
1987 Fiji
21%
1979-81 (unsuccessful) Seychelles
18%
No matching quizzes found
Score Distribution
Percent of People with Each Score
Percentile by Number Answered
Your Score History
You have not taken this quiz since the last reset